Hills/sectors of famous cycling races - Statistics

General Stats
  • This quiz has been taken 28 times
  • The average score is 7 of 10
Answer Stats
Hint Answer % Correct
Trouée d'Arenberg Paris-Roubaix
91%
Carrefour de l'arbre Paris-Roubaix
91%
Oude Kwaremont Tour of Flanders
91%
Piazza del Campo Strade Bianche
83%
E3-Col E3 Saxo Classic
78%
Costarainera-Cipressa Milano-Sanremo
78%
Mur de Huy Fleche Wallonne
61%
Passo di Ganda Il Lombardia
52%
Kapelmuur Omloop Het Nieuwsblad
22%
Monte Sante Marie Strade Bianche
22%
No matching quizzes found
Score Distribution
Percent of People with Each Score
Percentile by Number Answered
Your Score History
You have not taken this quiz